000 00577nam a2200193Ia 4500
005 20250508154132.0
008 008 250505s9999 xx 000 0 eng d
037 _aDissertations
040 _aFEDL
_beng
_cFEDL
041 _aeng
_2eng
084 _a370.73, SAR/DI
_qFEDL
100 _aSaroj Kumari
245 0 _aCo-ordination work between the training colleges and the hgiher secondary schools
260 _c1966
300 _a107p.
546 _aM. Ed. Dissertations (Meerut University)
942 _cDIS
_h370.73, SAR/DI
999 _c1347910
_d1347910